{"text_format":"3","workbook":"xlsx","n_sheets":1,"sheets":["t445"],"read":"whole","date_system":"1900"}

{"sheet":"t445","index":0,"n_rows":157,"n_cols":7,"rows_kept":157,"merged":[[0,0,0,6],[30,0,30,5],[42,0,42,5],[135,0,135,5]]}
["TABELA 445.1 - Estatísticas Agrícolas, Município de Pontes Gestal, Estado de São Paulo, 2007/08."]
["ITEM","UNIDADE","N.DE UPAs","MÍNIMO","MÉDIO","MÁXIMO","TOTAL"]
["Distância à sede do município","km",179,0.1,{"v":10.42,"d":"10.4"},{"v":23,"d":"23.0"},"-"]
["Área total","hectare",179,1.2,{"v":122.77,"d":"122.8"},{"v":13246,"d":"13,246.0"},{"v":21975.7,"d":"21,975.7"}]
["Área com cultura perene","hectare",32,0.5,{"v":7.82,"d":"7.8"},42.9,250.1]
["Área com cultura temporária","hectare",71,0.3,{"v":159.89,"d":"159.9"},{"v":8963.7,"d":"8,963.7"},{"v":11352,"d":"11,352.0"}]
["Área com pastagem","hectare",166,{"v":1,"d":"1.0"},{"v":36.36,"d":"36.4"},500.5,{"v":6036.1,"d":"6,036.1"}]
["Área com reflorestamento","hectare",17,0.2,{"v":1.23,"d":"1.2"},{"v":5,"d":"5.0"},20.9]
["Área com vegetação natural","hectare",61,0.1,{"v":38.78,"d":"38.8"},{"v":2178.6,"d":"2,178.6"},{"v":2365.6,"d":"2,365.6"}]
["Área com vegetação de brejo e várzea","hectare",35,0.1,{"v":29.92,"d":"29.9"},998.4,{"v":1047.2,"d":"1,047.2"}]
["Área em descanso","hectare",2,0.5,{"v":7.75,"d":"7.8"},{"v":15,"d":"15.0"},15.5]
["Área complementar","hectare",156,0.1,{"v":5.69,"d":"5.7"},{"v":615,"d":"615.0"},888.3]
["Área das UPAs com (0, 1] ha","hectare","-","-","-","-","-"]
["Área das UPAs com (1, 2] ha","hectare",5,1.2,{"v":1.22,"d":"1.2"},1.3,6.1]
["Área das UPAs com (2, 5] ha","hectare",13,2.4,{"v":3.95,"d":"4.0"},4.8,51.4]
["Área das UPAs com (5, 10] ha","hectare",18,{"v":6,"d":"6.0"},{"v":7.66,"d":"7.7"},9.7,137.8]
["Área das UPAs com (10, 20] ha","hectare",45,10.3,{"v":14.95,"d":"15.0"},19.9,672.8]
["Área das UPAs com (20, 50] ha","hectare",52,20.2,{"v":32.79,"d":"32.8"},49.5,{"v":1705,"d":"1,705.0"}]
["Área das UPAs com (50, 100] ha","hectare",30,50.8,70.1,96.8,{"v":2103.1,"d":"2,103.1"}]
["Área das UPAs com (100, 200] ha","hectare",9,100.4,{"v":139.33,"d":"139.3"},{"v":196,"d":"196.0"},{"v":1254,"d":"1,254.0"}]
["Área das UPAs com (200, 500] ha","hectare",3,242.1,{"v":318.23,"d":"318.2"},381.1,954.7]
["Área das UPAs com (500, 1.000] ha","hectare",3,515.5,{"v":614.93,"d":"614.9"},730.8,{"v":1844.8,"d":"1,844.8"}]
["Área das UPAs com (1.000, 2.000] ha","hectare","-","-","-","-","-"]
["Área das UPAs com (2.000, 5.000] ha","hectare","-","-","-","-","-"]
["Área das UPAs com (5.000, 10.000] ha","hectare","-","-","-","-","-"]
["Área das UPAs acima de 10.000 ha","hectare",1,{"v":13246,"d":"13,246.0"},{"v":13246,"d":"13,246.0"},{"v":13246,"d":"13,246.0"},{"v":13246,"d":"13,246.0"}]
["Familiares do proprietário que trabalham na UPA","unidade",144,{"v":1,"d":"1.0"},{"v":1.37,"d":"1.4"},{"v":10,"d":"10.0"},{"v":197,"d":"197.0"}]
["Trabalhadores permanentes","unidade",37,{"v":1,"d":"1.0"},{"v":4.97,"d":"5.0"},{"v":137,"d":"137.0"},{"v":184,"d":"184.0"}]
["Fonte: Secretaria de Agricultura e Abastecimento, CDRS/IEA, Projeto LUPA."]
[]
["TABELA 445.2 - Explorações Animais, Município de Pontes Gestal, Estado de São Paulo, 2007/08."]
["ITEM","UNIDADE","N.DE UPAs","MÍNIMO","MÉDIO","MÁXIMO","TOTAL"]
["Asininos E Muares","cabeças",2,{"v":1,"d":"1.0"},{"v":1,"d":"1.0"},{"v":1,"d":"1.0"},{"v":2,"d":"2.0"}]
["Bovinocultura de Corte","cabeças",29,{"v":10,"d":"10.0"},{"v":218.41,"d":"218.4"},{"v":3304,"d":"3,304.0"},{"v":6334,"d":"6,334.0"}]
["Bovinocultura Leiteira","cabeças",9,{"v":3,"d":"3.0"},{"v":30.78,"d":"30.8"},{"v":100,"d":"100.0"},{"v":277,"d":"277.0"}]
["Bovinocultura Mista","cabeças",123,{"v":3,"d":"3.0"},39.2,{"v":300,"d":"300.0"},{"v":4821,"d":"4,821.0"}]
["Equinocultura","cabeças",65,{"v":1,"d":"1.0"},{"v":5.85,"d":"5.9"},{"v":200,"d":"200.0"},{"v":380,"d":"380.0"}]
["Helicicultura","viveiros",1,{"v":3,"d":"3.0"},{"v":3,"d":"3.0"},{"v":3,"d":"3.0"},{"v":3,"d":"3.0"}]
["Ovinocultura","cabeças",1,{"v":9,"d":"9.0"},{"v":9,"d":"9.0"},{"v":9,"d":"9.0"},{"v":9,"d":"9.0"}]
["Suinocultura","cabeças",1,{"v":10,"d":"10.0"},{"v":10,"d":"10.0"},{"v":10,"d":"10.0"},{"v":10,"d":"10.0"}]
["Fonte: Secretaria de Agricultura e Abastecimento, CDRS/IEA, Projeto LUPA."]
[]
["TABELA 445.3 -  Máquinas, Implementos e Benfeitorias, Município de Pontes Gestal, Estado de São Paulo, 2007/08."]
["ITEM","UNIDADE","N.DE UPAs","MÍNIMO","MÉDIO","MÁXIMO","TOTAL"]
["Arado Comum (Bacia, Aiveca)","Unidade",36,{"v":1,"d":"1.0"},{"v":1.19,"d":"1.2"},{"v":4,"d":"4.0"},{"v":43,"d":"43.0"}]
["Arado Escarificador","Unidade",2,{"v":1,"d":"1.0"},{"v":2,"d":"2.0"},{"v":3,"d":"3.0"},{"v":4,"d":"4.0"}]
["Arado Subsolador","Unidade",7,{"v":1,"d":"1.0"},{"v":1.14,"d":"1.1"},{"v":2,"d":"2.0"},{"v":8,"d":"8.0"}]
["Carregadeira de Cana","Unidade",2,{"v":1,"d":"1.0"},{"v":1,"d":"1.0"},{"v":1,"d":"1.0"},{"v":2,"d":"2.0"}]
["Colhedeira Automotriz","Unidade",4,{"v":1,"d":"1.0"},1.5,{"v":3,"d":"3.0"},{"v":6,"d":"6.0"}]
["Computador","Unidade",1,{"v":10,"d":"10.0"},{"v":10,"d":"10.0"},{"v":10,"d":"10.0"},{"v":10,"d":"10.0"}]
["Conj.Irrigação Autopropelido","Unidade",1,{"v":13,"d":"13.0"},{"v":13,"d":"13.0"},{"v":13,"d":"13.0"},{"v":13,"d":"13.0"}]
["Conj.Irrigação Convencional","Unidade",4,{"v":1,"d":"1.0"},{"v":1,"d":"1.0"},{"v":1,"d":"1.0"},{"v":4,"d":"4.0"}]
["Conj.Irrigação Pivot Central","Unidade",2,{"v":1,"d":"1.0"},2.5,{"v":4,"d":"4.0"},{"v":5,"d":"5.0"}]
["Conj.Irrigação/Gotejamento/Microaspersão","Unidade",1,{"v":1,"d":"1.0"},{"v":1,"d":"1.0"},{"v":1,"d":"1.0"},{"v":1,"d":"1.0"}]
["Desintegrador, Picador, Triturador","Unidade",59,{"v":1,"d":"1.0"},{"v":1.12,"d":"1.1"},{"v":3,"d":"3.0"},{"v":66,"d":"66.0"}]
["Distribuidor de Calcário","Unidade",10,{"v":1,"d":"1.0"},1.7,{"v":7,"d":"7.0"},{"v":17,"d":"17.0"}]
["Ensiladeira","Unidade",9,{"v":1,"d":"1.0"},{"v":1.11,"d":"1.1"},{"v":2,"d":"2.0"},{"v":10,"d":"10.0"}]
["Grade Aradora (Tipo Romi)","Unidade",11,{"v":1,"d":"1.0"},{"v":3.27,"d":"3.3"},{"v":23,"d":"23.0"},{"v":36,"d":"36.0"}]
["Grade Niveladora","Unidade",32,{"v":1,"d":"1.0"},{"v":1.72,"d":"1.7"},{"v":18,"d":"18.0"},{"v":55,"d":"55.0"}]
["Implementos para Tração Animal","Unidade",5,{"v":1,"d":"1.0"},2.8,{"v":5,"d":"5.0"},{"v":14,"d":"14.0"}]
["Misturador de Ração","Unidade",1,{"v":1,"d":"1.0"},{"v":1,"d":"1.0"},{"v":1,"d":"1.0"},{"v":1,"d":"1.0"}]
["Ordenhadeira Mecânica","Unidade",1,{"v":1,"d":"1.0"},{"v":1,"d":"1.0"},{"v":1,"d":"1.0"},{"v":1,"d":"1.0"}]
["Pulverizador Tratorizado","Unidade",9,{"v":1,"d":"1.0"},{"v":1.22,"d":"1.2"},{"v":3,"d":"3.0"},{"v":11,"d":"11.0"}]
["Semeadeira/Adubadeira para Plantio Convencional","Unidade",9,{"v":1,"d":"1.0"},{"v":1.67,"d":"1.7"},{"v":4,"d":"4.0"},{"v":15,"d":"15.0"}]
["Semeadeira/Plantadeira Plantio Direto","Unidade",2,{"v":1,"d":"1.0"},2.5,{"v":4,"d":"4.0"},{"v":5,"d":"5.0"}]
["Terraceador","Unidade",3,{"v":1,"d":"1.0"},{"v":2,"d":"2.0"},{"v":4,"d":"4.0"},{"v":6,"d":"6.0"}]
["Trator de Pneus","Unidade",45,{"v":1,"d":"1.0"},{"v":2.82,"d":"2.8"},{"v":65,"d":"65.0"},{"v":127,"d":"127.0"}]
["Açude/Represa","Unidade",34,{"v":1,"d":"1.0"},{"v":3,"d":"3.0"},{"v":55,"d":"55.0"},{"v":102,"d":"102.0"}]
["Almoxarifado/Oficina","Unidade",3,{"v":1,"d":"1.0"},{"v":1.33,"d":"1.3"},{"v":2,"d":"2.0"},{"v":4,"d":"4.0"}]
["Armazém para Grãos Ensacados","Sacas",1,{"v":1,"d":"1.0"},{"v":1,"d":"1.0"},{"v":1,"d":"1.0"},{"v":1,"d":"1.0"}]
["Balança para Bovinos","Unidade",4,{"v":1,"d":"1.0"},{"v":1,"d":"1.0"},{"v":1,"d":"1.0"},{"v":4,"d":"4.0"}]
["Balança para Veículos","Unidade",2,{"v":1,"d":"1.0"},{"v":1,"d":"1.0"},{"v":1,"d":"1.0"},{"v":2,"d":"2.0"}]
["Barracão/Galpão/Garagem","Unidade",27,{"v":1,"d":"1.0"},{"v":1.22,"d":"1.2"},{"v":3,"d":"3.0"},{"v":33,"d":"33.0"}]
["Biodigestor","Unidade",2,{"v":1,"d":"1.0"},{"v":1,"d":"1.0"},{"v":1,"d":"1.0"},{"v":2,"d":"2.0"}]
["Casa de Moradia Habitada","Unidade",103,{"v":1,"d":"1.0"},{"v":1.56,"d":"1.6"},{"v":45,"d":"45.0"},{"v":161,"d":"161.0"}]
["Casa de Moradia Total","Unidade",131,{"v":1,"d":"1.0"},{"v":1.69,"d":"1.7"},{"v":45,"d":"45.0"},{"v":221,"d":"221.0"}]
["Curral/Mangueira","Unidade",105,{"v":1,"d":"1.0"},{"v":1.06,"d":"1.1"},{"v":2,"d":"2.0"},{"v":111,"d":"111.0"}]
["Depósito/Tulha","Unidade",59,{"v":1,"d":"1.0"},{"v":1.03,"d":"1.0"},{"v":2,"d":"2.0"},{"v":61,"d":"61.0"}]
["Fábrica de Ração","Unidade",1,{"v":1,"d":"1.0"},{"v":1,"d":"1.0"},{"v":1,"d":"1.0"},{"v":1,"d":"1.0"}]
["Pocilga","Unidade",1,{"v":1,"d":"1.0"},{"v":1,"d":"1.0"},{"v":1,"d":"1.0"},{"v":1,"d":"1.0"}]
["Poço Semi-Artesiano","Unidade",14,{"v":1,"d":"1.0"},{"v":1.07,"d":"1.1"},{"v":2,"d":"2.0"},{"v":15,"d":"15.0"}]
["Silo para Silagem","t",3,{"v":2,"d":"2.0"},{"v":60.67,"d":"60.7"},{"v":100,"d":"100.0"},{"v":182,"d":"182.0"}]
["Terreiro","m²",31,{"v":1,"d":"1.0"},{"v":110.42,"d":"110.4"},{"v":800,"d":"800.0"},{"v":3423,"d":"3,423.0"}]
["Usina de Açúcar/destilaria","Unidade",1,{"v":1,"d":"1.0"},{"v":1,"d":"1.0"},{"v":1,"d":"1.0"},{"v":1,"d":"1.0"}]
["Fonte: Secretaria de Agricultura e Abastecimento, CDRS/IEA, Projeto LUPA."]
[]
["TABELA 445.4 - Outras Estatísticas Agrícolas, Município de Pontes Gestal, Estado de São Paulo, 2007/08."]
["ITEM","Número de UPAs",null,"Percentual"]
["Faz Parte de Associação de Produtores",5,null,{"v":2.7932960893854752,"d":"2.8"}]
["Faz Parte de Cooperativa de Produtores",13,null,{"v":7.262569832402235,"d":"7.3"}]
["Faz Parte do Sindicato de Produtores",7,null,{"v":3.910614525139665,"d":"3.9"}]
["Não utiliza assistência técnica ",62,null,{"v":34.63687150837989,"d":"34.6"}]
["Utiliza somente assistência técnica governamental ",111,null,{"v":62.01117318435754,"d":"62.0"}]
["Utiliza somente assistência técnica privada ",4,null,{"v":2.2346368715083798,"d":"2.2"}]
["Utiliza assistência técnica tanto governamental quanto privada",2,null,{"v":1.1173184357541899,"d":"1.1"}]
["Utiliza Crédito Rural",31,null,{"v":17.31843575418994,"d":"17.3"}]
["Utiliza Seguro Rural",2,null,{"v":1.1173184357541899,"d":"1.1"}]
["Utiliza Escrituração Agrícola",10,null,{"v":5.5865921787709505,"d":"5.6"}]
["Acessa Internet p/ Fins na Agropecuária",3,null,{"v":1.675977653631285,"d":"1.7"}]
["Utiliza Computador nas Atividades Agropecuárias",3,null,{"v":1.675977653631285,"d":"1.7"}]
["Utiliza Energia Elétrica Para Uso na Atividade Agrícola",154,null,{"v":86.03351955307262,"d":"86.0"}]
["Realiza Análise de Solo, quando necessário",83,null,{"v":46.36871508379888,"d":"46.4"}]
["Utiliza Práticas de Conservação de Solo, quando necessário",128,null,{"v":71.50837988826815,"d":"71.5"}]
["Faz Adubação Mineral, quando necessário",64,null,{"v":35.754189944134076,"d":"35.8"}]
["Faz Adubação Orgânica, quando necessário",26,null,{"v":14.52513966480447,"d":"14.5"}]
["Faz Adubação Verde, quando necessário",3,null,{"v":1.675977653631285,"d":"1.7"}]
["Utiliza Manejo Integrado de Pragas (MIP)","-",null,"-"]
["Utiliza Hidroponia","-",null,"-"]
["Utiliza Plasticultura","-",null,"-"]
["Utiliza Mudas Fiscalizadas",12,null,{"v":6.70391061452514,"d":"6.7"}]
["Utiliza Semente Melhorada",33,null,{"v":18.435754189944134,"d":"18.4"}]
["Faz Confinamento de Bovinos",4,null,{"v":2.2346368715083798,"d":"2.2"}]
["Utiliza Pastejo Intensivo",9,null,{"v":5.027932960893855,"d":"5.0"}]
["Faz Inseminação Artificial",6,null,{"v":3.35195530726257,"d":"3.4"}]
["Faz Mineralização do Rebanho",149,null,{"v":83.24022346368714,"d":"83.2"}]
["Faz Vermifugação do Rebanho",148,null,{"v":82.68156424581005,"d":"82.7"}]
["Possui Parceiros /Arrendatários na Exploração Animal",1,null,{"v":0.5586592178770949,"d":"0.6"}]
["Esporte e lazer","-",null,"-"]
["Extração mineral","-",null,"-"]
["Hotel Fazenda, Pousada ou SPA","-",null,"-"]
["Pesque-pague","-",null,"-"]
["Restaurante ou Lanchonete","-",null,"-"]
["Transformação artesanal","-",null,"-"]
["Turismo rural ou ecoturismo","-",null,"-"]
["Outras atividades econômicas rurais","-",null,"-"]
["Agroindústria","-",null,"-"]
["Proprietário sem instrução ou com instrução incompleta",45,null,{"v":25.139664804469277,"d":"25.1"}]
["Proprietário com antigo primário completo",73,null,{"v":40.78212290502793,"d":"40.8"}]
["Proprietário com 1° grau (ou antigo ginasial) completo",7,null,{"v":3.910614525139665,"d":"3.9"}]
["Proprietário com 2° grau (ou antigo colegial) completo",22,null,{"v":12.290502793296088,"d":"12.3"}]
["Proprietário com curso superior completo ",31,null,{"v":17.31843575418994,"d":"17.3"}]
["Pessoa Jurídica",1,null,{"v":0.5586592178770949,"d":"0.6"}]
["Proprietário residente na própria UPA ",39,null,{"v":21.787709497206702,"d":"21.8"}]
["Fonte: Secretaria de Agricultura e Abastecimento, CDRS/IEA, Projeto LUPA."]
[]
["TABELA 445.5 - Área Cultivada, Município de Pontes Gestal, Estado de São Paulo, 2007/08."]
["CULTURA","N.DE UPAs","MÍNIMO","MÉDIO","MÁXIMO","TOTAL"]
["Cana-de-acucar",58,0.4,{"v":197.09,"d":"197.1"},{"v":8822.4,"d":"8,822.4"},{"v":11431.5,"d":"11,431.5"}]
["Braquiaria",165,{"v":1,"d":"1.0"},{"v":34.06,"d":"34.1"},480.3,{"v":5619.3,"d":"5,619.3"}]
["Milho",20,2.4,{"v":18.12,"d":"18.1"},72.6,362.4]
["Coloniao",9,0.9,{"v":36.42,"d":"36.4"},234.4,327.8]
["Milho-silagem",1,141.3,141.3,141.3,141.3]
["Seringueira",8,4.5,{"v":14.28,"d":"14.3"},42.9,114.2]
["Capim-jaragua",1,{"v":50,"d":"50.0"},{"v":50,"d":"50.0"},{"v":50,"d":"50.0"},{"v":50,"d":"50.0"}]
["Gramas",9,0.5,{"v":4.33,"d":"4.3"},14.5,{"v":39,"d":"39.0"}]
["Laranja",2,{"v":2,"d":"2.0"},18.5,{"v":35,"d":"35.0"},{"v":37,"d":"37.0"}]
["Cafe",15,0.5,{"v":2.42,"d":"2.4"},6.1,36.3]
["Limao",3,4.2,8.5,11.3,25.5]
["Eucalipto",17,0.2,{"v":1.23,"d":"1.2"},{"v":5,"d":"5.0"},20.9]
["Manga",8,0.5,{"v":2.55,"d":"2.6"},7.2,20.4]
["Soja",1,{"v":20,"d":"20.0"},{"v":20,"d":"20.0"},{"v":20,"d":"20.0"},{"v":20,"d":"20.0"}]
["Coco-da-baia",1,{"v":14,"d":"14.0"},{"v":14,"d":"14.0"},{"v":14,"d":"14.0"},{"v":14,"d":"14.0"}]
["Tangerina",1,1.7,1.7,1.7,1.7]
["Banana",1,{"v":1,"d":"1.0"},{"v":1,"d":"1.0"},{"v":1,"d":"1.0"},{"v":1,"d":"1.0"}]
["Palmito",1,0.6,0.6,0.6,0.6]
["Mandioca",1,0.3,0.3,0.3,0.3]
["Fonte: Secretaria de Agricultura e Abastecimento, CDRS/IEA, Projeto LUPA."]